5-Letter Capitals (Africa) Quiz Stats

 Plays Quiz Updated Jun 18, 2015

Also try: 4-Letter Capitals
Challenge
Share
Tweet
Embed
Score 0/7 Timer 03:00
3 Plays Today
Capital % Correct
Cairo
96.3%
Tunis
78.3%
Rabat
71%
Accra
67.6%
Abuja
65.8%
Dakar
61.5%
Praia
42.7%

You're not logged in!

Compare scores with friends on all Sporcle quizzes.
OR
Log In

You Might Also Like...

Show Comments

Extras

Top Quizzes Today


Score Distribution

Your Account Isn't Verified!

In order to create a playlist on Sporcle, you need to verify the email address you used during registration. Go to your Sporcle Settings to finish the process.

Report this User

Report this user for behavior that violates our Community Guidelines.

Details: